[Event "AUTO-INT-979"]
[Site "http://www.queenalice.com/game.php?id=438328"]
[Date "2008.7.24"]
[Round "1"]
[White "erivaldoadao"]
[Black "Kay"]
[Result "0-1"]
[WhiteElo "1681"]
[BlackElo "1645"]

1. e4 e5 2. Nf3 Nc6 3. Bb5 Nd4 4. Nxd4 exd4 5. O-O Nh6 6. d3 Bd6 7. Bxh6 gxh6 8.
g3 c6 9. Bc4 b5 10. Bb3 a5 11. Qf3 Rf8 12. Nd2 a4 13. Bxf7+ Rxf7 14. Qh5 Qg5 15.
Qxg5 hxg5 16. c4 bxc4 17. Nxc4 Bc5 18. Ne5 Re7 19. Nc4 Ba6 20. a3 Bxc4 21. dxc4
Rxe4 0-1

[Event "AUTO-INT-979"]
[Site "http://www.queenalice.com/game.php?id=438338"]
[Date "2008.7.24"]
[Round "1"]
[White "Kay"]
[Black "cJw314"]
[Result "1/2-1/2"]
[WhiteElo "1630"]
[BlackElo "1622"]

1. e4 c5 2. d4 cxd4 3. Qxd4 Nc6 4. Qc3 e6 5. a3 Bd6 6. Nf3 e5 7. Bc4 Nf6 8. Ng5
O-O 9. Bxf7+ Rxf7 10. Qb3 Qe7 11. Nd2 h6 12. Nxf7 Qxf7 13. Nc4 Nxe4 14. f3 Nc5
15. Qc3 Qg6 16. O-O Be7 17. Nxe5 Nxe5 18. Qxe5 Qb6 19. Be3 Bf6 20. Qe8+ Kh7 21.
Rad1 Qxb2 22. Rd5 Qxa3 23. Rh5 Ne6 24. Rxh6+ gxh6 25. Qf7+ Bg7 26. Qf5+ Kg8 27.
Re1 Qc3 28. Re2 Nd4 29. Qd5+ Kh7 30. Qe4+ Kg8 31. Qe8+ Bf8 32. Qg6+ Bg7 33. Qe8+
Bf8 34. Qg6+ Bg7 35. Qe8+ Kh7 36. Qe4+ Kg8 37. Qe8+ 1/2-1/2

[Event "AUTO-INT-979"]
[Site "http://www.queenalice.com/game.php?id=438339"]
[Date "2008.7.24"]
[Round "1"]
[White "cJw314"]
[Black "Kay"]
[Result "0-1"]
[WhiteElo "1604"]
[BlackElo "1630"]

1. Nf3 d5 2. d3 Na6 3. Nbd2 c5 4. g3 c4 5. Bg2 Qa5 6. O-O d4 7. Nxd4 Nf6 8. Nxc4
Qh5 9. Nf3 Bh3 10. Bxh3 Qxh3 11. Ng5 Qh5 12. e4 h6 13. Nf3 Rd8 14. e5 Ne4 15.
Re1 Ng5 16. Nxg5 hxg5 17. Qxh5 Rxh5 18. h4 Nb4 19. Re2 gxh4 20. Bd2 Nxc2 21. Rc1
Nd4 22. Re4 Nf3+ 23. Kg2 Nxd2 24. Nxd2 hxg3 25. Kxg3 e6 26. f4 Rxd3+ 27. Nf3 f5
28. Rd4 Rxd4 29. Nxd4 g5 30. fxg5 Rxg5+ 31. Kf3 Bg7 32. Nxe6 Rg6 33. Rc8+ Kd7
34. Ra8 Rxe6 35. Kf4 a6 36. Kxf5 Bxe5 37. Ra7 Bc7 38. Rxb7 Re5+ 39. Kf6 Re6+ 40.
Kf5 Rc6 41. b4 Ke7 42. b5 Rc5+ 43. Ke4 axb5 44. Kd4 Kd6 45. Rxc7 Rxc7 0-1

[Event "QA-ANNIV-04"]
[Site "http://www.queenalice.com/game.php?id=445640"]
[Date "2008.8.8"]
[Round "2"]
[White "Kay"]
[Black "caraumar"]
[Result "0-1"]
[WhiteElo "1680"]
[BlackElo "1718"]

1. e4 e6 2. Nf3 d5 3. exd5 exd5 4. Qe2+ Be6 5. Qb5+ Nc6 6. d4 Rb8 7. Ne5 a6 8.
Nxc6 axb5 9. Nxd8 Rxd8 10. Bxb5+ c6 11. Bd3 g6 12. b4 Bxb4+ 13. Bd2 Bxd2+ 14.
Nxd2 Nf6 15. Nb3 O-O 16. Rb1 Ra8 17. Rb2 Nh5 18. Nc5 b5 19. O-O Nf6 20. f4 Rfe8
21. f5 gxf5 22. c3 Nh5 23. Re2 Ng7 24. Rf3 Kf8 25. Nb7 Re7 26. Nd6 Rd8 27. Nb7
Rxb7 28. Bxf5 Nxf5 0-1

[Event "AUTO-BEG-205"]
[Site "http://www.queenalice.com/game.php?id=447337"]
[Date "2008.8.11"]
[Round "2"]
[White "Kay"]
[Black "billymc"]
[Result "1-0"]
[WhiteElo "1662"]
[BlackElo "1437"]

1. e4 e5 2. Nf3 Nc6 3. d4 d6 4. d5 f5 5. dxc6 fxe4 6. cxb7 Bxb7 7. Ng5 Qe7 8.
Bc4 O-O-O 9. Nf7 d5 10. Nxh8 dxc4 11. Qg4+ 1-0

[Event "AUTO-BEG-205"]
[Site "http://www.queenalice.com/game.php?id=447338"]
[Date "2008.8.11"]
[Round "2"]
[White "billymc"]
[Black "Kay"]
[Result "0-1"]
[WhiteElo "1436"]
[BlackElo "1673"]

1. e4 e5 2. Nf3 f6 3. d4 d5 4. Nc3 dxe4 5. Nxe4 Bf5 6. Bd3 exd4 7. Nd6+ Bxd6 8.
O-O Nh6 9. Qe2+ Qe7 10. Nxd4 Bxd3 11. Qxd3 Ng4 12. Nf3 Nc6 13. h3 Nce5 14. Qb5+
c6 15. Qa4 Nxf3+ 16. gxf3 Nh2 17. Rd1 Nxf3+ 18. Kf1 a6 19. Rxd6 Qxd6 20. Qe4+
Kf7 21. Qxf3 Qd5 22. Qg4 Qh1+ 23. Ke2 Rhe8+ 24. Kd3 Rad8+ 25. Kc4 Re4+ 0-1

[Event "AUTO-BEG-205"]
[Site "http://www.queenalice.com/game.php?id=447339"]
[Date "2008.8.11"]
[Round "2"]
[White "Kay"]
[Black "Papageno"]
[Result "0-1"]
[WhiteElo "1677"]
[BlackElo "1947"]

1. Nf3 b6 2. e4 Bb7 3. d3 Nc6 4. c3 g6 5. Na3 Bg7 6. Nb5 Nf6 7. Bf4 d6 8. e5
dxe5 9. Nxe5 Nh5 10. Nxc6 Bxc6 11. Nxc7+ Kf8 12. Nxa8 Nxf4 13. Qg4 Nxd3+ 14.
Bxd3 Qxd3 15. Qc8+ Be8 16. Rd1 Qe4+ 17. Kf1 f6 18. Nc7 Kf7 19. Nxe8 Rxe8 20. Rd8
Rxd8 21. Qxd8 Qb1+ 22. Ke2 Qxh1 23. Qd5+ Ke8 24. Qg8+ Bf8 25. Qxh7 Qb1 26. g3
Qxb2+ 27. Kf3 Qxc3+ 28. Kg2 Qc2 29. h4 Qf5 30. h5 Qxh5 31. Qxh5 gxh5 32. Kh3 Kf7
0-1

[Event "AUTO-BEG-205"]
[Site "http://www.queenalice.com/game.php?id=447340"]
[Date "2008.8.11"]
[Round "2"]
[White "Papageno"]
[Black "Kay"]
[Result "1-0"]
[WhiteElo "1984"]
[BlackElo "1666"]

1. e4 e5 2. Bc4 Nf6 3. d3 Bc5 4. Nc3 Ng4 5. Qxg4 d5 6. Qxg7 Rf8 7. Nxd5 Be7 8.
Bh6 Qd6 9. Nxe7 Qxe7 10. Qxh7 Nd7 11. Bxf8 Nxf8 12. Qh5 Ng6 13. Nf3 Bd7 14. Ng5
O-O-O 15. Nxf7 Nf4 16. Qxe5 Qxe5 17. Nxe5 Nxg2+ 18. Kf1 Rg8 19. Bxg8 1-0

[Event "AUTO-BEG-205"]
[Site "http://www.queenalice.com/game.php?id=447341"]
[Date "2008.8.11"]
[Round "2"]
[White "Kay"]
[Black "erdnaxela"]
[Result "0-1"]
[WhiteElo "1696"]
[BlackElo "1631"]

1. e4 e5 2. Nf3 Nc6 3. Bc4 Nf6 4. Nc3 Bb4 5. Ng5 O-O 6. a3 Bxc3 7. dxc3 h6 8.
Nf3 Nxe4 9. Qd5 Ng5 10. Nxe5 Nxe5 11. O-O Nxc4 12. Qxc4 d5 13. Qd3 g6 14. c4
dxc4 15. Qxc4 Be6 16. Qh4 Nf3+ 17. gxf3 Qxh4 18. Rd1 Rad8 19. Bd2 Qh3 20. Bb4
Rxd1+ 21. Rxd1 Re8 22. Re1 Qxf3 23. Bc3 Rd8 0-1

[Event "AUTO-BEG-205"]
[Site "http://www.queenalice.com/game.php?id=447342"]
[Date "2008.8.11"]
[Round "2"]
[White "erdnaxela"]
[Black "Kay"]
[Result "1-0"]
[WhiteElo "1607"]
[BlackElo "1639"]

1. e4 e5 2. Nf3 f5 3. exf5 e4 4. Nd4 c5 5. Nb5 a6 6. N5c3 Nf6 7. Bc4 d5 8. Be2
d4 9. Na4 b5 10. Nxc5 Bxc5 11. d3 Qa5+ 12. c3 exd3 13. Qxd3 dxc3 14. bxc3 b4 15.
c4 b3+ 16. Bd2 Bb4 17. Bxb4 Qxb4+ 18. Nc3 bxa2 19. Rxa2 O-O 20. Bf3 Re8+ 21. Kd2
Ra7 22. Qc2 Rd7+ 23. Kc1 Qxc4 24. Ra4 Qc5 25. Qb3+ Kh8 26. Rd1 Rxd1+ 27. Bxd1
Bxf5 28. f3 Nd5 29. Rc4 Qe3+ 30. Kb2 Qf2+ 31. Ka3 Nd7 32. Nxd5 Rb8 33. Qc3 Qxg2
34. Rc8+ 1-0

[Event "AUTO-OPEN-1298"]
[Site "http://www.queenalice.com/game.php?id=475779"]
[Date "2008.10.11"]
[Round "1"]
[White "Kay"]
[Black "Dom81"]
[Result "0-1"]
[WhiteElo "1639"]
[BlackElo "1315"]

1. e4 e5 2. Qh5 Nc6 3. Bc4 g6 4. Qf3 Nf6 5. c3 Bg7 6. b3 O-O 7. d3 h6 8. h3 Na5
9. Na3 c6 10. b4 Nxc4 0-1

[Event "AUTO-OPEN-1298"]
[Site "http://www.queenalice.com/game.php?id=475802"]
[Date "2008.10.11"]
[Round "1"]
[White "Kay"]
[Black "superpato"]
[Result "0-1"]
[WhiteElo "1661"]
[BlackElo "1825"]

1. e4 e5 2. Qh5 d6 3. Bc4 Nh6 4. d3 Bg4 5. Bxf7+ Kd7 6. Qg5 Qxg5 7. Bxg5 Nxf7 8.
Bd2 Nc6 9. f3 Be6 10. Nc3 Nd4 11. O-O-O c6 12. g4 g5 0-1